<?xml version="1.0" encoding="UTF-8"?>
<record
    xmlns:xsi="http://www.w3.org/2001/XMLSchema-instance"
    xsi:schemaLocation="http://www.loc.gov/MARC21/slim http://www.loc.gov/standards/marcxml/schema/MARC21slim.xsd"
    xmlns="http://www.loc.gov/MARC21/slim">

  <leader>01369nab a2200229 i 4500</leader>
  <controlfield tag="001">BPP</controlfield>
  <controlfield tag="003">BPK</controlfield>
  <controlfield tag="005">20140917124818.0</controlfield>
  <controlfield tag="008">140917s2010    pl  n  f     |000  0pol</controlfield>
  <datafield tag="040" ind1=" " ind2=" ">
    <subfield code="c">BPK</subfield>
  </datafield>
  <datafield tag="080" ind1=" " ind2=" ">
    <subfield code="a">663.4</subfield>
  </datafield>
  <datafield tag="080" ind1=" " ind2=" ">
    <subfield code="a">532</subfield>
  </datafield>
  <datafield tag="100" ind1=" " ind2=" ">
    <subfield code="a">JAKUBOWSKI, Marek.</subfield>
    <subfield code="d">2001 - .</subfield>
    <subfield code="b">Politechnika Koszali&#x144;ska - Wydzia&#x142; Mechaniczny,</subfield>
    <subfield code="c">Katedra Proces&#xF3;w i Urz&#x105;dze&#x144; Przemys&#x142;u Spo&#x17C;ywczego</subfield>
  </datafield>
  <datafield tag="245" ind1=" " ind2=" ">
    <subfield code="a">Analiza symulacyjna wyst&#x119;powania przep&#x142;ywu namywaj&#x105;cego w geometrycznie specyficznych konstrukcjach kadzi wirowej =</subfield>
    <subfield code="b">Simulating analysis of silteng flow occurring in geometrically specific constructions of whirlpool /</subfield>
    <subfield code="c">Marek Jakubowski.</subfield>
  </datafield>
  <datafield tag="260" ind1=" " ind2=" ">
    <subfield code="c">2010.</subfield>
  </datafield>
  <datafield tag="500" ind1=" " ind2=" ">
    <subfield code="a">Dane z autopsji.</subfield>
  </datafield>
  <datafield tag="520" ind1=" " ind2=" ">
    <subfield code="a">W artykule przedstawiono analiz&#x119; zmian pr&#x119;dko&#x15B;ci przep&#x142;ywu namywaj&#x105;cego sto&#x17C;ek osadu w kadzi wirowej brzeczki piwnej. Przedmiot analiz stanowi&#x142;y rozwi&#x105;zania geometrii zbiornik&#xF3;w, wyst&#x119;puj&#x105;ce w wybranych konstrukcjach przemys&#x142;owych kadzi wirowych. Wyniki por&#xF3;wnano z danymi uzyskanymi dla przep&#x142;ywu wyst&#x119;puj&#x105;cego w cylindrycznym zbiorniku kadzi wirowej, kt&#xF3;ry okre&#x15B;lono, jako tzw. kszta&#x142;t podstawowy.</subfield>
  </datafield>
  <datafield tag="650" ind1=" " ind2="0">
    <subfield code="a">Piwowarstwo.</subfield>
  </datafield>
  <datafield tag="650" ind1=" " ind2="0">
    <subfield code="a">Symulacja.</subfield>
  </datafield>
  <datafield tag="773" ind1=" " ind2=" ">
    <subfield code="i">W :</subfield>
    <subfield code="t">Post&#x119;py Techniki Przetw&#xF3;rstwa Spo&#x17C;ywczego = Technological Progress in Food Processing. -</subfield>
    <subfield code="g">T. 20/36, 2010, nr 1, s. 19-22</subfield>
  </datafield>
  <datafield tag="942" ind1=" " ind2=" ">
    <subfield code="c">ART</subfield>
    <subfield code="2">UKD</subfield>
  </datafield>
  <datafield tag="999" ind1=" " ind2=" ">
    <subfield code="c">5106</subfield>
    <subfield code="d">5106</subfield>
  </datafield>
  <datafield tag="952" ind1=" " ind2=" ">
    <subfield code="0">0</subfield>
    <subfield code="1">0</subfield>
    <subfield code="4">0</subfield>
    <subfield code="7">0</subfield>
    <subfield code="a">BPK</subfield>
    <subfield code="b">BPK</subfield>
    <subfield code="o">01453</subfield>
    <subfield code="y">ART</subfield>
  </datafield>
</record>
